Normal view
MARC view
Entry Personal Name
001 - CONTROL NUMBER
- control field: 47288
003 - CONTROL NUMBER IDENTIFIER
- control field: dpl
005 - DATE AND TIME OF LATEST TRANSACTION
- control field: 20120517141941.0
008 - FIXED-LENGTH DATA ELEMENTS
- fixed length control field: 120517|||a|||||| | ||| d
040 ## - CATALOGING SOURCE
- Original cataloging agency: dpl
- Transcribing agency: dpl
100 ## - HEADING--PERSONAL NAME
- Personal name: Śaṅkarācārya |x
- General subdivision: Teachings.
670 ## - SOURCE DATA FOUND
- Source citation: Work cat.: (dpl): Narayana Prasad 47159 1938-, Three ācāryas and Narayana Guru : , 2011
670 ## - SOURCE DATA FOUND
- Source citation: Work cat.: (dpl): Narayana Prasad 47159 1938-, Three ācāryas and Narayana Guru : , 2011
